00483nam a2200121Ia 4500008004100000041001200041082001200053100006200065245011200127260006600239300001000305536004600315211220s9999 xx 000 0 eng d aEnglish aRM.0385 aMandal, AmaluTufanganj CollegevCooch Behar, West Bengal 0aEmployment guarantee and governance gaffe : bappraisal of the creaks and course of MGNREGA / cAmal Mandal aNew Delhi :bIndian Council oF Social Science Research,c2017 a148p. aIndian Council of Social Science Research